00374nam a2200169Ia 4500003000900000008004100009040001300050040001300063041000800076100002100084245004500105250001300150260001400163260000900177300001000186490000800196IT-RoPAU120407s9999 xx 000 0 und d aIT-RoPAU cIT-RoPAU aita aPiero Bargellini a"Belvedere Panorama storico dell’arte" aFirenze  aVallecchi c1957 c24 cm v211